[Event "Asker Autumn"]
[Site "Asker"]
[Date "2012.10.08"]
[Round "5"]
[White "Heggelund, Audun"]
[Black "Aulin Jansson, Joran"]
[Result "0-1"]
[WhiteElo "1425"]
[BlackElo "2165"]
[PlyCount "84"]
[EventDate "2012.08.27"]
[EventType "tourn"]
[EventRounds "9"]
[EventCountry "NOR"]
[SourceTitle "EXT 2023"]
[Source "ChessBase"]
[SourceDate "2022.10.05"]
[SourceVersion "1"]
[SourceVersionDate "2022.10.05"]
[SourceQuality "1"]

1. c4 Nf6 2. Nc3 e6 3. g3 c5 4. Bg2 Nc6 5. e4 d6 6. Nge2 Be7 7. 0-0 0-0 8. d3 a6 9. a3 Rb8 10. Be3 Ng4 11. Bc1 b5 12. h3 Nf6 13. f4 Qb6 14. Kh2 Nd4 15. Nxd4 cxd4 16. Ne2 bxc4 17. dxc4 e5 18. b4 a5 19. b5 Be6 20. g4 Bxc4 21. a4 Nd7 22. Re1 Nc5 23. Ng3 Nd3 24. Rg1 exf4 25. Ne2 Bf6 26. Ra3 Nxc1 27. Nxc1 Be5 28. Qf3 Qc5 29. Ra1 d5 30. Nd3 Bxd3 31. Qxd3 f3+ 32. Kh1 fxg2+ 33. Kxg2 dxe4 34. Qxe4 Rfd8 35. Qd3 Rbc8 36. Rgd1 Qd5+ 37. Kg1 Rc3 38. Qxc3 dxc3 39. Rxd5 Rxd5 40. Rc1 Rd2 41. Re1 c2 42. Rxe5 c1Q+ 0-1